Stolice zachodnio centralnej Afryki - Statystyki

Ogólne statystyki
  • Ten quiz został rozwiązany 21 razy
  • Średni wynik to 14 z 24
Odpowiedzi na mapie
Odpowiedzi zakodowano w zielono-czerwonej skali na mapie do tego quizu, zgodnie z poniższymi procentami.
 
Statystyki odpowiedzi
Odpowiedź % Poprawnych
Algier
100%
Rabat
83%
Trypolis
83%
Dakar
75%
Freetown
67%
Jamusukro
67%
Porto Novo
67%
Bissau
58%
Jaunde
58%
Wagadugu
58%
Accra
50%
Conakry
50%
Libreville
50%
Lome
50%
Monrovia
50%
N`djamena
50%
Nouakchott
50%
Praia
50%
Abudza
42%
Bamako
42%
Bangui
42%
Banjul
42%
Malabo
42%
Niamey
42%
Nie znaleziono quizów pasujących do podanych kryteriów
Rozkład punktacji
Procent ludzi z każdym wynikiem
Percentyl według liczby udzielonych odpowiedzi
Twoja historia wyników
Nie rozwiązałeś tego quizu